000 00362nam a22001457a 4500
008 240207b ||||| |||| 00| 0 eng d
020 _a9780867207095
041 _aeng
080 _21995
_a610.73
082 _a610.73KEL
100 _a8
101 _aINF
245 _aPRIMARY CARE OF WOMEN AND CHILDREN WITH HIV INFECTION
_cPATRICIA KELLY
942 _2udc
_cBK
999 _c60590
_d60590